000
00271 a2200121 4500
001
64555
082
_a
133.4 MUB
090
_c
38183
_d
38183
100
_a
Mubaruk,Ali
245
_a
Tareekh-e- Thag aur Dakoo
260
_a
Lahore
_b
Fiction House
_c
1997
300
_a
245p.
942
_a
NUST-CAE
_k
133.4 MUB
999
_c
299628
_d
299628